| 000 | 02200nam0a2200373 4500 | ||
|---|---|---|---|
| 001 | RU\NLR\bibl\1991935 | ||
| 005 | 20260408102149.0 | ||
| 010 |
_a978-5-85716-932-2 _9115 |
||
| 021 |
_aRU _b2012-100808 _97434 |
||
| 035 | _a(nilc)RuMoRGB-006512382 | ||
| 035 | _a(NLR Aleph) 001980447 | ||
| 090 |
_a4082741 _c4082740 |
||
| 100 | _a20130117d2012 |||y0rusy50 ca | ||
| 101 | 0 | _arus | |
| 102 | _aRU | ||
| 105 | _aa ||||||||| | ||
| 200 | 1 |
_aИнновационные процессы в химическом образовании _eматериалы IV Всероссийской научно-практической конференции с международным участием, 9-12 октября 2012 г. _f[под науч. ред.: Г. В. Лисичкина] |
|
| 210 |
_aЧелябинск _cИзд-во Челябинского государственного педагогического университета _d2012 |
||
| 215 |
_a297 с. _cил., табл. _d21 |
||
| 300 | _aВ надзаг.: М-во образования и науки РФ, Федеральное гос. бюджетное образовательное учреждение высш. проф. образования "Челябинский гос. пед. ун-т" | ||
| 320 | _aБиблиогр. в конце докл. | ||
| 606 | 1 |
_aХимическое образование _jСъезды, совещания и т.п _xИнновации _92661734 _3RU\NLR\AUTH\6601749761 |
|
| 686 | 1 | _aЧ458.312я431 | |
| 702 | 1 |
_aЛисичкин _bГ. В. _gГеоргий Васильевич _4340 |
|
| 711 | 1 | 2 |
_a"Инновационные процессы в химическом образовании", всероссийская научно-практическая конференция с международным участием _d4 _eЧелябинск _f2012 _9368072 _3RU\NLR\AUTH\8810241088 |
| 801 | 0 |
_aRU _bRuMoRKP _c20130117 _gRCR |
|
| 801 | 2 |
_aRU _bРГБ _c20130129 _grcr |
|
| 801 | 1 |
_aRU _bRuMoRKP _c20130117 _2rusmarc |
|
| 801 | 2 |
_aRU _bNLR _c20130125 _grcr |
|
| 942 | _cBOOK | ||
| 980 | _aNBR | ||
| 980 | _aNB | ||